The Oxford book of women's writing in the United States / (Record no. 255953)
[ view plain ]
| 000 -LEADER | |
|---|---|
| fixed length control field | 01339cam a2200337 a 4500 |
| 001 - CONTROL NUMBER | |
| control field | 2085657 |
| 003 - CONTROL NUMBER IDENTIFIER | |
| control field | OSt |
| 005 - DATE AND TIME OF LATEST TRANSACTION | |
| control field | 20170302142944.0 |
| 008 - FIXED-LENGTH DATA ELEMENTS--GENERAL INFORMATION | |
| fixed length control field | 950117s1995 enk 001 0 eng |
| 010 ## - LIBRARY OF CONGRESS CONTROL NUMBER | |
| LC control number | 95001499 |
| 020 ## - INTERNATIONAL STANDARD BOOK NUMBER | |
| International Standard Book Number | 0195087062 (alk. paper) |
| International Standard Book Number | 019513245 |
| 040 ## - CATALOGING SOURCE | |
| Original cataloging agency | DLC |
| Transcribing agency | DLC |
| Modifying agency | DLC |
| 043 ## - GEOGRAPHIC AREA CODE | |
| Geographic area code | n-us--- |
| 050 00 - LIBRARY OF CONGRESS CALL NUMBER | |
| Classification number | PS508.W7 |
| Item number | O95 1995 |
| 082 00 - DEWEY DECIMAL CLASSIFICATION NUMBER | |
| Classification number | 810.8/09287 |
| Edition number | 20 |
| 245 04 - TITLE STATEMENT | |
| Title | The Oxford book of women's writing in the United States / |
| Statement of responsibility, etc | edited by Linda Wagner-Martin, Cathy N. Davidson. |
| 246 30 - VARYING FORM OF TITLE | |
| Title proper/short title | Women's writing in the United States |
| 260 ## - PUBLICATION, DISTRIBUTION, ETC. (IMPRINT) | |
| Place of publication, distribution, etc | Oxford [England] ; |
| -- | New York : |
| Name of publisher, distributor, etc | Oxford University Press, |
| Date of publication, distribution, etc | 1995. |
| 300 ## - PHYSICAL DESCRIPTION | |
| Extent | x, 596 p. ; |
| Dimensions | 23 cm. |
| 500 ## - GENERAL NOTE | |
| General note | Includes index. |
| 650 #0 - SUBJECT ADDED ENTRY--TOPICAL TERM | |
| Topical term or geographic name as entry element | American literature |
| Chronological subdivision | Women authors. |
| Topical term or geographic name as entry element | Women |
| Geographic subdivision | United States |
| General subdivision | Literary collections. |
| 700 2# - ADDED ENTRY--PERSONAL NAME | |
| Personal name | Wagner-Martin, Linda. |
| Personal name | Davidson, Cathy N., |
| Dates associated with a name | 1949- |
| 856 42 - ELECTRONIC LOCATION AND ACCESS | |
| Materials specified | Publisher description |
| Uniform Resource Identifier | <a href="http://www.loc.gov/catdir/enhancements/fy0635/95001499-d.html">http://www.loc.gov/catdir/enhancements/fy0635/95001499-d.html</a> |
| Materials specified | Contributor biographical information |
| Uniform Resource Identifier | <a href="http://www.loc.gov/catdir/enhancements/fy0722/95001499-b.html">http://www.loc.gov/catdir/enhancements/fy0722/95001499-b.html</a> |
| 906 ## - LOCAL DATA ELEMENT F, LDF (RLIN) | |
| a | 7 |
| b | cbc |
| c | orignew |
| d | 1 |
| e | ocip |
| f | 19 |
| g | y-gencatlg |
| 942 ## - ADDED ENTRY ELEMENTS (KOHA) | |
| Source of classification or shelving scheme | Library of Congress Classification |
| Koha item type | Long Loan Books |
| Withdrawn status | Lost status | Source of classification or shelving scheme | Damaged status | Not for loan | Collection code | Home library | Current library | Shelving location | Date acquired | Total Checkouts | Full call number | Barcode | Date last seen | Price effective from | Koha item type | Date checked out |
|---|---|---|---|---|---|---|---|---|---|---|---|---|---|---|---|---|
| Library of Congress Classification | Fiction | Rongo University Library | Rongo University Library | General Stacks | 02/03/2017 | PS508.W7 O95 1995 | 20169190 | 02/03/2017 | 02/03/2017 | Long Loan Books | ||||||
| Library of Congress Classification | Fiction | Rongo University Library | Rongo University Library | General Stacks | 02/03/2017 | PS508.W7 O95 1995 | 20169191 | 02/03/2017 | 02/03/2017 | Long Loan Books | ||||||
| Library of Congress Classification | Fiction | Rongo University Library | Rongo University Library | General Stacks | 02/03/2017 | 1 | PS508.W7 O95 1995 | 20169192 | 22/05/2017 | 02/03/2017 | Long Loan Books | 11/05/2017 | ||||
| Library of Congress Classification | Fiction | Rongo University Library | Rongo University Library | General Stacks | 02/03/2017 | PS508.W7 O95 1995 | 20169193 | 02/03/2017 | 02/03/2017 | Long Loan Books | ||||||
| Library of Congress Classification | Fiction | Rongo University Library | Rongo University Library | General Stacks | 02/03/2017 | PS508.W7 O95 1995 | 201615213 | 02/03/2017 | 02/03/2017 | Long Loan Books | ||||||
| Library of Congress Classification | Fiction | Rongo University Library | Rongo University Library | General Stacks | 02/03/2017 | PS508.W7 O95 1995 | 201615214 | 02/03/2017 | 02/03/2017 | Long Loan Books | ||||||
| Library of Congress Classification | Fiction | Rongo University Library | Rongo University Library | General Stacks | 02/03/2017 | PS508.W7 O95 1995 | 201616656 | 02/03/2017 | 02/03/2017 | Long Loan Books |
